000 00202 a2200097 4500
001 3297
100 _aAbdul Majid Salih
245 _aZikr-e-Iqbal
260 _a
_bBarm-e-Iqbal
_c
090 _c2576
_d2576
942 _aNUST-CAE
_cM
_c17513
999 _c238370
_d238370